Central Library OPAC University of Rajshahi

The way of the weather / (Record no. 75148)

MARC details
000 -LEADER
fixed length control field 01202nam a2200337 a 4500
001 - CONTROL NUMBER
control field 75148
003 - CONTROL NUMBER IDENTIFIER
rucl marc code BD-RjUL
005 - DATE AND TIME OF LATEST TRANSACTION
control field 20211209082643.0
008 - FIXED-LENGTH DATA ELEMENTS--GENERAL INFORMATION
fixed length control field 190124s1967 mnuab j b 000 0 eng
035 ## - SYSTEM CONTROL NUMBER
System control number (BD-RjUL)75366
040 ## - CATALOGING SOURCE
Original cataloging agency DLC
Transcribing agency DLC
Modifying agency DLC
-- BD-RjUL
Language of cataloging eng
041 ## - LANGUAGE CODE
Language code of text/sound track or separate title eng
042 ## - AUTHENTICATION CODE
Authentication code lcac
082 00 - DEWEY DECIMAL CLASSIFICATION NUMBER
Edition number 23
Classification number 551.5
Author mark and year SPW 1967
100 1# - MAIN ENTRY--PERSONAL NAME
Personal name Spar, Jerome.
Dates associated with a name 1918-
9 (RLIN) 199258
245 14 - TITLE STATEMENT
Title The way of the weather /
Statement of responsibility, etc. Jerome Spar.
260 ## - PUBLICATION, DISTRIBUTION, ETC. (IMPRINT)
Place of publication, distribution, etc. Mankato, Minn.:
Name of publisher, distributor, etc. Creative Educational Society,
Date of publication, distribution, etc. c1967.
300 ## - PHYSICAL DESCRIPTION
Pagination 224 p.:
Illustrations illus. (part col.), maps.;
Size 27 cm.
490 0# - SERIES STATEMENT
Series statement Creative science series
500 ## - GENERAL NOTE
General note Published in cooperation with the American Museum of Natural History.
504 ## - BIBLIOGRAPHY, ETC. NOTE
Bibliography, etc Bibliography: p. 224.
520 ## - SUMMARY, ETC.
Summary, etc. Explains weather terms and seasonal phenomena, describing how weather varies around the world and how weathermen forecast the weather.
650 #0 - SUBJECT ADDED ENTRY--TOPICAL TERM
Topical term or geographic name as entry element Meteorology
General subdivision Juvenile literature.
9 (RLIN) 227377
Topical term or geographic name as entry element Weather
General subdivision Juvenile literature.
9 (RLIN) 227378
Topical term or geographic name as entry element Meteorology.
9 (RLIN) 227379
Topical term or geographic name as entry element Weather.
9 (RLIN) 227380
710 2# - ADDED ENTRY--CORPORATE NAME
Corporate name or jurisdiction name as entry element American Museum of Natural History.
9 (RLIN) 227381
942 ## - ADDED ENTRY ELEMENTS (KOHA)
Source of classification or shelving scheme Dewey Decimal Classification
Koha item type Books
Holdings
Lost status Source of classification or shelving scheme Damaged status Not for loan Collection code Permanent Location Current Location Shelving location Date acquired Source of acquisition Total Checkouts Full call number Date last seen Copy number Koha item type
  Dewey Decimal Classification   Not For Loan Non-fiction Central Library, University of Rajshahi Central Library, University of Rajshahi Reading Room 24/10/1990 Shaukat Osman, Dhaka   551.5 SPW 1967 24/01/2019 C-1 Books